III Международный инвестиционный форум юга России, 7-9 сентября 2006 г., г. Кисловодск

מידע ביבליוגרפי
Corporate Authors: Международный инвестиционный форум юга России, Тверской государственный университет
מחברים אחרים: Босова Т. А. (редактор), Лурье Е. А.
סיכום:В сборнике представлены материалы, отражающие стратегию инновационного развития Ставропольского края, ее основные приоритеты и ориентиры, рассмотренные на пленарных заседаниях, «круглых столах» «Финансовые инструменты для реализации инвестиционной политики» и «Роль науки и образования в инновационном развитии экономики региона», конференции «Международный и межрегиональный трансфер технологий» и выставке инвестиционных проектов, представленных на Инвестиционном форуме Юга России, организованном Правительством Ставропольского края. Сборник продолжает серию изданий по моделям территории инновационного развития регионов и базовым моделям новой экономики, которую осуществляет Тверской ИнноЦентр в ходе сопровождения характерных процессов инновационных преобразований в субъектах РФ. Сборник направляется для широко распространения в Ставропольском крае, передается для обобщения опыта в администрации субъектов РФ, заинтересованные федеральные министерства и агентства, ректорам вузов, а также участникам научно-практической конференции «Государственно-частное партнерство в сфере науки и образования — основы сотрудничества регионов и бизнеса».
שפה:רוסית
יצא לאור: Тверь, Тверской ИнноЦентр, 2006
נושאים:
פורמט: ספר
KOHA link:https://koha.lib.tpu.ru/cgi-bin/koha/opac-detail.pl?biblionumber=108817

MARC

LEADER 00000nam0a2200000 4500
001 108817
005 20231031115828.0
010 |a 5889420623 
035 |a (RuTPU)RU\TPU\book\117469 
090 |a 108817 
100 |a 20070126d2006 k y0rusy50 ca 
101 0 |a rus 
102 |a RU 
105 |a y z 100zy 
200 1 |a III Международный инвестиционный форум юга России, 7-9 сентября 2006 г., г. Кисловодск  |f Тверской государственный университет; под ред. Т. А. Босова; под ред. Е. А. Лурье 
210 |a Тверь  |c Тверской ИнноЦентр  |d 2006 
215 |a 311 с. 
330 |a В сборнике представлены материалы, отражающие стратегию инновационного развития Ставропольского края, ее основные приоритеты и ориентиры, рассмотренные на пленарных заседаниях, «круглых столах» «Финансовые инструменты для реализации инвестиционной политики» и «Роль науки и образования в инновационном развитии экономики региона», конференции «Международный и межрегиональный трансфер технологий» и выставке инвестиционных проектов, представленных на Инвестиционном форуме Юга России, организованном Правительством Ставропольского края. Сборник продолжает серию изданий по моделям территории инновационного развития регионов и базовым моделям новой экономики, которую осуществляет Тверской ИнноЦентр в ходе сопровождения характерных процессов инновационных преобразований в субъектах РФ. Сборник направляется для широко распространения в Ставропольском крае, передается для обобщения опыта в администрации субъектов РФ, заинтересованные федеральные министерства и агентства, ректорам вузов, а также участникам научно-практической конференции «Государственно-частное партнерство в сфере науки и образования — основы сотрудничества регионов и бизнеса». 
610 1 |a экономика 
610 1 |a Россия 
610 1 |a региональная экономика 
610 1 |a Ставропольский край 
610 1 |a инвестиции 
610 1 |a Южный федеральный округ 
610 1 |a инвестиционная политика 
610 1 |a санаторно-курортные организации 
610 1 |a стратегическое развитие 
610 1 |a Кавказские Минеральные воды 
610 1 |a иностранные инвестиции 
610 1 |a международные форумы 
686 |a У9(2)0-56л0  |v LBC/SL-A  |2 rubbk 
686 |a У9(2Р37)л0  |v LBC/SL-A  |2 rubbk 
702 1 |a Босова  |b Т. А.  |4 340 
702 1 |a Лурье  |b Е. А.  |4 340 
712 1 2 |a Международный инвестиционный форум юга России  |d 3  |e Кисловодск  |f 2006 
712 0 2 |a Тверской государственный университет  |2 stltpush  |3 (RuTPU)RU\TPU\col\145 
801 1 |a RU  |b 63413507  |c 20070126  |g PSBO 
801 2 |a RU  |b 63413507  |c 20070221  |g PSBO 
942 |c BK